000 00464nam a2200193Ia 4500
008 151121s9999||||xx |||||||||||||| ||und||
082 _a618।92/Vla
082 _bHNW-24075
100 _aVlasov V। - Edi
245 _aChildren's Diseases
260 _bMir Pub।
260 _c--
300 _a617
600 _aVlasov V। - Edi
630 _aChildren's Diseases
700 _aVlasov V। - Edi
730 _aChildren's Diseases
942 _cBOOK
999 _c1222431
_d1222428